000 00353nam a2200145Ia 4500
008 230917s9999||||xx |||||||||||||| ||und||
040 _e88540
_aMAIN
041 _aEnglish
082 _a301.045 D74M
100 _aDoshi, Shambhu Lal
245 0 _aMax weber : Smajshastriya adhyayan
260 _aJaipur
_bRawat
_c1996
300 _a158 p.
942 _cBK
999 _c81799
_d81799